000 00889cam a2200241 4500
001 WB3546-45
008 000000n1999 000 0 eng u
035 _a(Sirsi) u102716
245 _aWarning: congestion charging may damage your towns
260 _c1999
490 _aRICS Press Release
_v(257) 23 November 1999, (1)
520 _aThe RICS warns that congestion may cause serious damage to town centres. Local authorities will need to study the effect of any charging regime on town centres, and the RICS believes such charges should operate within a government approved regional framework.
590 _aWB
650 _aCONGESTION CHARGING
650 _aTOWN CENTRES
650 _aLOCAL AUTHORITIES
650 _aPUBLIC TRANSPORT
650 _aGOVERNMENT FUNDING
650 _aCITY CENTRES
650 _aRICS
690 _aTRANSPORT AND COMMUNICATIONS
942 _n0
999 _c61704
_d61704